00948 a2200229 45000010006000000050017000060080041000230030015000640400040000790800066001192450067001850200022002522500011002742640034002853000024003195050188003430410008005311000029005397000028005687000023005968560099006195323920260407155806.0260407a2021 arg spa dAR-UNSa-BCEJYS aAR-UNSa-BCEJYSbspacAR-UNSa-BCEJYS a336.226xTipos de impuestos. Impuestos directos e indirectos 10aImpuestos sobre los bienes personalespexplicados y comentados a978-987-01-2689-8 a3a. ed 1aBuenos Aires :bErreparc2021 aviii, 84 p.c27 cm. a1. Imposición sobre el patrimonio - 2. Hecho imponible - 3. Exenciones - 4. Valuación de bienes - 5. Régimen de responsabilidad sustituta - 6. Liquidación y pago del impuesto. aspa1 aCeldeiro, Ernesto Carlos1 aImirizaldu, Juan José1 aOberkersch, Marisa41uhttps://www.biblioeco.unsa.edu.ar/pmb/images/libros/L128376.jpgyImagen de portadaqimage/jpeg